Central Library and Information Centre
Sibsagar Girls' College, Sivasagar : Assam

PRINCIPLES OF MATHEMATICAL ANALYSIS (Record no. 12703)

MARC details
000 -LEADER
fixed length control field 00550cam a2200205ua 4500
008 - FIXED-LENGTH DATA ELEMENTS--GENERAL INFORMATION
fixed length control field 160404n II |||gr||||Z||||||eng
040 ## - CATALOGING SOURCE
Original cataloging agency MAIN
041 ## - LANGUAGE CODE
-- English
082 ## - DEWEY DECIMAL CLASSIFICATION NUMBER
Classification number 515 RUD
100 ## - MAIN ENTRY--PERSONAL NAME
Personal name RUDIN, WALTER.
245 ## - TITLE STATEMENT
Title PRINCIPLES OF MATHEMATICAL ANALYSIS
250 ## - EDITION STATEMENT
Edition statement 3RD.
260 ## - PUBLICATION, DISTRIBUTION, ETC.
Place of publication, distribution, etc. LONDON:
Name of publisher, distributor, etc. MCGREW HILL BOOK,
Date of publication, distribution, etc. 1976.
300 ## - PHYSICAL DESCRIPTION
Extent 342:
Dimensions 24CM.
500 ## - GENERAL NOTE
General note Donated by Mrs.Sangeeta Das Baruah, lib.Asstt. Sib.Girls` College Library
700 ## - ADDED ENTRY--PERSONAL NAME
Personal name RUDIN, WALTER.,
Relator term AUTHOR.
942 ## - ADDED ENTRY ELEMENTS (KOHA)
Koha item type Books
653 ## - INDEX TERM--UNCONTROLLED
Uncontrolled term Analysis
Holdings
Withdrawn status Lost status Damaged status Not for loan Collection code Home library Current library Shelving location Date acquired Full call number Barcode Date last seen Copy number Price effective from Koha item type Public note
        REFMAT Central Library and Information Centre Sibsagar Girls College Central Library and Information Centre Sibsagar Girls College MATHEMATICS BOOK RACK 21.07.2000 515 RUD 16544 27.02.2020 1 27.02.2020 Books V


Sibsagar Girl's College © 2020. All rights reserved.
Powered by Koha.
Maintained by Abhijit Borpuzari.